000 01190nam a2200337 i 4500
001 000000181
003 DO-SdBNP
005 20240730115536.0
007 ta
008 081028s2007 dr 000 0 spa d
020 _a9789945853223
020 _a9945853228
040 _aDO-SdBNP
_bspa
_cBNPHU
_erda
082 4 _a808.87903
_bD542d
_222
100 1 _aDíaz, Wilson,
_d1970-
_9581
_eautor
245 1 3 _aEl dicciomalo del maestro larus :
_bpara reír desde la "a" hasta la "z" !humor pa' titirimundaty! /
_cWilson Díaz.
250 _aPrimera edición
264 _aSanto Domingo :
_bTelemicro S. A.,
_c2007.
300 _a126 páginas ;
_c22 cm.
336 _2rdacontent
_atexto
_btxt
337 _2rdamedia
_asin mediación
_bn
338 _2rdacarrier
_avolumen
_bnc
500 _aIncluye biografía del autor
500 _aLa biblioteca posee tres ejemplares autografiados por el autor
590 _aInventariado, 2023/BT
590 _aLa biblioteca posee 1 ejemplar autografiado por el autor
650 4 _aHumorismo dominicano
_vDiccionarios
_9582
650 4 _aSátira dominicana
_vDiccionarios
_9583
910 _aValidado. Control de calidad MMOLINA
942 _2ddc
_cLBS1
999 _c181
_d181